000 00507nam a2200181 i 4500
001 bg
100 1 _aKANAFOJSKI, Czesław
245 0 _aNarzędzia i maszyny rolnicze :
_bopis, teoria i zasady eksploatacji. T.2 /
_cCzesław Kanafojski.
250 _aWyd.2.
260 _aWarszawa,
_c1963.
650 9 _aRolnictwo
_xmaszyny i urządzenia
655 _aPodręczniki akademickie
040 _cBPK
041 _apol
080 _a631.3(075.8)
942 _cKS
008 s pl f |000 0 pol
999 _c10316
_d10316
856 _uhttp://koha.tu.koszalin.pl/cgi-bin/koha/opac-detail.pl?biblionumber=10316
_yKatalog online BPK